000 00326nam a22001457a 4500
003 SGT
020 _a978-81-312-1710-8
082 _a615
_bS09D
100 _aDHIKAV, VIKAS
245 _aSMART STUDY SERIES: PHARMACOLOGY
260 _aGURGAON
_bELSEVIER
_c2009
300 _a477
650 _aPHARMACOLOGY
942 _2ddc
_cBK
_04
999 _c10067
_d10067